Voldemort's Horcruxes Quiz Stats

 Plays Quiz Updated Jul 14, 2017

Support Sporcle.
Go Orange.
Score 0/7 Timer 01:00
6 Plays Today
Horcrux % Correct
Tom Riddle's Diary
89.3%
Harry Potter
86.2%
Slytherin's Locket
85.5%
Nagini
84.9%
Marvolo Gaunt's Ring
83.5%
Hufflepuff's Cup
75.3%
Ravenclaw's Diadem
69.2%

From the Vault

TV Shows Missing 'O' Words

by kfastic

Seeing some TV with a bunch of missing words would also probably make you say "Oh."
Remove Ads.
Support Sporcle.
Get the best of Sporcle when you Go Orange. This ad-free experience offers more features, more stats, and more fun while also helping to support Sporcle. Thank you for becoming a member.

Show Comments

Extras

Top Quizzes Today


Score Distribution

Your Account Isn't Verified!

In order to create a playlist on Sporcle, you need to verify the email address you used during registration. Go to your Sporcle Settings to finish the process.

Report this User

Report this user for behavior that violates our Community Guidelines.

Details: